Statistics for Civ VI Wonders

Click here to take the quiz!

General Stats

  • This quiz has been taken 5 times
    (3 since last reset)
  • The average score is 37 of 53

Answer Stats

Tech/CivicEraWonder% Correct
CastlesMedievalAlhambra
100%
EconomicsIndustrialBig Ben
100%
Opera and BalletIndustrialBolshoi Theatre
100%
GuildsMedievalChichen Itza
100%
Games and RecreationClassicalColosseum
100%
SteelModernEiffel Tower
100%
PrintingRenaissanceForbidden City
100%
Recorded HistoryClassicalGreat Library
100%
Celestial NavigationClassicalGreat Lighthouse
100%
IrrigationAncientHanging Gardens
100%
EngineeringClassicalMachu Picchu
100%
Defensive TacticsClassicalMausoleum at Halicarnassu
100%
MysticismAncientOracle
100%
MathematicsClassicalPetra
100%
MasonryAncientPyramids
100%
IndustrializationIndustrialRuhr Valley
100%
Civil EngineeringIndustrialStatue of Liberty
100%
AstrologyAncientStonehenge
100%
HumanismRenaissanceTaj Mahal
100%
Rapid DeploymentAtomicAmundsen-Scott Research Station
67%
Medieval FairesMedievalAngkor Wat
67%
Mass MediaModernBroadway
67%
ShipbuildingClasicalColossus
67%
Mass MediaModernCristo Redentor
67%
BankingRenaissanceGreat Zimbabwe
67%
ButtressMedievalHagia Sophia
67%
Natural HistoryIndustrialHermitage
67%
Military TacticsMedievalHuey Teocalli
67%
MachineryMedievalKilwa Kisiwani
67%
TheologyClassicalMahabodhi Temple
67%
Divine RightMedievalMont St. Michel
67%
Scientific TheoryIndustrialOxford University
67%
AstronomyRenaissancePotala Palace
67%
Military TrainingClassicalStatue of Zeus
67%
Reformed ChurchRenaissanceSt. Basil's Cathedral
67%
Cultural HeritageAtomicSydney Opera House
67%
ConstructionClassicalTerracotta Army
67%
MercantilismRenaissanceTorre de Belém
67%
Mass ProductionRenaissanceVenetian Arsenal
67%
Political PhilosophyClassicalApadana
33%
Synthetic MaterialsAtomicBiosphère
33%
CartographyRenaissanceCasa de Contratación
33%
Professional SportsAtomicEstádio do Maracanã
33%
WritingAncientEtemenanki
33%
CombustionModernGolden Gate Bridge
33%
PotteryAncientGreat Bath
33%
Iron WorkingClassicalJebel Barkal
33%
Divine RightMedievalKotoku-in
33%
Civil ServiceMedievalMeenakshi Temple
33%
SanitationIndustrialOrszágház
33%
Steam PowerIndustrialPanama Canal
33%
ArcheryAncientTemple of Artemis
33%
EducationMedievalUniversity of Sankore
33%

Score Distribution

Percentile by Number Answered

Percent of People with Each Score

Your Score History

You have not taken this quiz since the last reset